00628nmm a2200169 4500008004100000041000800041100002400049245006300073260010100136300000900237500001700246500001500263520000700278546001300285650001000298856015000308230614s2019 o d cat d acat aVidal Ribas, Guille aGlossari de dansa urbanah[en línia]cGuille Vidal-Ribas aBarcelonabGeneralitat de Catalunya. Institut Català de les Qualificacions Professionalsc2019 a9 p. aBibliografia aRemissions a33 acatalà 0adansa uhttps://fp.gencat.cat/web/.content/04_Arees/cataleg-qualificacions-professionals/documents/ARXIUS/20191111-GLOSSARI-DANSA-URBANA-v3_revICQP_p.pdf